000 01351nam a2200265Ia 4500
999 _c55864
_d55864
001 22962
003 GE_BSU
005 20230613162011.0
008 181216s ||||ge |||||||||||||| ||geo||
040 _cGE_BSU
041 _ageo
080 _a821.353.1.09 კ-18
100 _aკალანდაძე, ალექსანდრე
_918678
245 _aგვაქვს საგანძური :
_bXIX საუკუნის ქართული ლიტერატურა /
_cალექსანდრე კალანდაძე ; რედ. ქ. კვინტრაძე ; მხატვ. ჯ. ყავლაშვილი.
264 _aთბილისი :
_bსაბჭოთა საქართველო,
_c1986.
300 _a685 გვ. ;
_c21 სმ.
541 _h6ლ.20თ.
653 _aგვაქვს საგანძური
653 _aXIX საუკუნის ქართული ლიტერატურა
653 _aლიტერატურის ისტორია და კრიტიკა
653 _aქართული ლიტერატურა
700 _aკვინტრაძე, ქ.
_eრედაქტორი
_918679
700 _aყავლაშვილი, ჯ.
_eმხატვარი
_95903
942 _cBK
_2udc